书目信息 |
| 书名: | Behavioural ecology | |
| 作者: | ||
| 分册号: | ||
| 分册名: | 出版地: | Oxford : |
|
| 出版社: | Blackwell Scientific Pub | |
| 出版时间: | 1991. | |
| 页数: | 482 p. : | |
| 开本: | 25 cm. | |
| 丛书名: | ||
| 中图分类号: | ||
| 科图分类号: | ||
| 其他分类号: | Q142.8 | |
| 主题词: | ||
| 电子资源: | ||
| 000 | 00621nam 2200205 a 4500 | |
| 001 | E0736582224 | |
| 005 | 20070421100957.82 | |
| 008 | uu | |
| 040 | @aNLC | |
| 049 | @aN5LA | |
| 090 | @a2-92/Q142.8/B41/ 1991////////416056 | |
| 090 | @aQ142.8 | |
| 096 | @aQ142.8 @v3 | |
| 099 | @dQ142.8@ex34 | |
| 245 | 00 | @aBehavioural ecology :@ban evolutionary approach |
| 250 | @a3rd ed. | |
| 260 | @aOxford :@bBlackwell Scientific Pub.,@c1991. | |
| 300 | @a482 p. :@bill. ;@c25 cm. | |
| 700 | 1 | @aKrebs, John R., @eed. @b00 @c20020930 @lNLC09 @h2246 @lNLC09 @h2256 @lNLC09 @h1847 |
| 852 | 9 | @bWWJC @cJ08N @k2-92 @hQ142.8 @iB41/1991 |
| Behavioural ecology : : an evolutionary approach.-3rd ed.-Oxford : : Blackwell Scientific Pub., , 1991. |
| 482 p. : : ill. ; ; 25 cm. |
| ISBN |
| ● |
| 相关链接 |
|
|
|
|
正题名:Behavioural ecology
索取号:Q142.8/x34
 
预约/预借
| 序号 | 登录号 | 条形码 | 馆藏地/架位号 | 状态 | 备注 |
| 1 | 0004150 | 300041504 | 第二样本阅览室/ [索取号:Q142.8/x34] | 在馆 |